| 000 | 00610nam a2200229Ia 4500 | ||
|---|---|---|---|
| 003 | OSt | ||
| 005 | 20220918231312.0 | ||
| 006 | a|||||r|||| 00| 0 | ||
| 007 | ta | ||
| 008 | 220917b |||||||| |||| 00| 0 eng d | ||
| 024 | _a276,413 | ||
| 037 | _cTextual | ||
| 040 |
_aARTS _cARTS _beng |
||
| 041 |
_2eng _aeng |
||
| 082 | _a12:24893:N5, 17K2 | ||
| 100 |
_aAssfalg Julius _9154151 |
||
| 245 | 0 | _aArmenishe handschriften | |
| 260 | _c1962 | ||
| 700 |
_a Molitor Joseph _9154152 |
||
| 942 |
_h12:24893:N5, 17K2 _cTEXL _2CC |
||
| 999 |
_c290479 _d290479 |
||